Central Library OPAC University of Rajshahi

Dynamic aspects of cells / (Record no. 74812)

MARC details
000 -LEADER
fixed length control field 00993nam a2200289 a 4500
001 - CONTROL NUMBER
control field 74812
003 - CONTROL NUMBER IDENTIFIER
rucl marc code BD-RjUL
005 - DATE AND TIME OF LATEST TRANSACTION
control field 20211209082615.0
008 - FIXED-LENGTH DATA ELEMENTS--GENERAL INFORMATION
fixed length control field 181208s1976 enka bp 000 0 eng
020 ## - INTERNATIONAL STANDARD BOOK NUMBER
International Standard Book Number 0521211751 :
Terms of availability $18.00.
International Standard Book Number 052121176X
Terms of availability $8.00
035 ## - SYSTEM CONTROL NUMBER
System control number (BD-RjUL)75030
040 ## - CATALOGING SOURCE
Original cataloging agency DLC
Transcribing agency DLC
Modifying agency DLC
-- BD-RjUL
Language of cataloging eng
041 ## - LANGUAGE CODE
Language code of text/sound track or separate title eng
082 00 - DEWEY DECIMAL CLASSIFICATION NUMBER
Edition number 23
Classification number 571.6
Author mark and year DYN 1976
245 00 - TITLE STATEMENT
Title Dynamic aspects of cells /
Statement of responsibility, etc. Michael A. Tribe ... [et al.].
260 ## - PUBLICATION, DISTRIBUTION, ETC. (IMPRINT)
Place of publication, distribution, etc. Cambridge [Eng.] ;
-- New York :
Name of publisher, distributor, etc. Cambridge University Press,
Date of publication, distribution, etc. 1976.
300 ## - PHYSICAL DESCRIPTION
Pagination viii, 119 p. :
Illustrations ill. ;
Size 31 cm.
490 1# - SERIES STATEMENT
Series statement Basic biology course ; book 3 : Unit 1, Microscopy and its application to biology
500 ## - GENERAL NOTE
General note "Masking card" (1 leaf) inserted.
504 ## - BIBLIOGRAPHY, ETC. NOTE
Bibliography, etc Bibliography: p. 119.
650 #0 - SUBJECT ADDED ENTRY--TOPICAL TERM
Topical term or geographic name as entry element Cytology
General subdivision Programmed instruction.
9 (RLIN) 225699
700 1# - ADDED ENTRY--PERSONAL NAME
Personal name Tribe, Michael A.
830 #0 - SERIES ADDED ENTRY--UNIFORM TITLE
Uniform title Basic biology course ;
Volume number/sequential designation book 3.
942 ## - ADDED ENTRY ELEMENTS (KOHA)
Source of classification or shelving scheme Dewey Decimal Classification
Koha item type Books
Holdings
Lost status Source of classification or shelving scheme Damaged status Not for loan Collection code Permanent Location Current Location Shelving location Date acquired Source of acquisition Cost, normal purchase price Total Checkouts Full call number Date last seen Copy number Koha item type Date checked out
  Dewey Decimal Classification   Not For Loan Non-fiction Central Library, University of Rajshahi Central Library, University of Rajshahi Reading Room 01/06/1981 Heffers. 2.90   571.6 DYN 1976 08/12/2018 C-1 Books  
  Dewey Decimal Classification     Non-fiction Central Library, University of Rajshahi Central Library, University of Rajshahi   01/06/1981 Heffers. 2.90   571.6 DYN 1976 08/12/2018 C-2 Books  
  Dewey Decimal Classification     Non-fiction Central Library, University of Rajshahi Central Library, University of Rajshahi   01/06/1981 Heffers. 2.90   571.6 DYN 1976 08/12/2018 C-3 Books  
  Dewey Decimal Classification     Non-fiction Central Library, University of Rajshahi Central Library, University of Rajshahi   01/06/1981 Heffers. 2.90   571.6 DYN 1976 08/12/2018 C-4 Books  
  Dewey Decimal Classification     Non-fiction Central Library, University of Rajshahi Central Library, University of Rajshahi   01/06/1981 Heffers. 2.90 1 571.6 DYN 1976 19/06/2025 C-5 Books 28/05/2025